000 00280nam a22001337a 4500
008 170214b xxu||||| |||| 00| 0 eng d
020 _a0815174454
041 _aeng
080 _a61
100 _a4
101 _aSHM
245 _aYEAR BOOK OF MEDICINE
_cROGERS
942 _2udc
_cBK
999 _c5423
_d5423